00409nam a2200145Ia 4500008004100000041000900041082001800050100001700068245001600085260003500101300000700136650000800143999001700151952009500168230718s9999 xx 000 0 und d aEng. a346.04bKHA-T aKhan,Hussain 0aTenancy act aPakistanbIrfan law bookc2006 a97 aLaw c30300d30300 00104070aSIRC-LbSIRC-Ld2023-07-18l0o346.04 KHA-Tp25251r2023-07-18w2023-07-18yBK